Hebrew Hoedown - Statistics

General Stats
  • This quiz has been taken 33 times
  • The average score is 10 of 12
Answer Stats
Question Answer % Correct
Who killed Goliath with a slingshot? David
100%
"In the beginning, God created the _____ and the earth." (Genesis 1:1) Heavens
100%
Who received the Ten Commandments from God on Mount Sinai? Moses
100%
Who wrote many psalms as king? David
97%
Who led the Israelites out of Egypt? Moses
97%
Who was the father of the twelve tribes of Israel? Jacob
86%
Who was taken up to heaven in a chariot of fire? Elijah
83%
"Man shall not live by _____ alone, but by every word that comes from the mouth of the Lord." (Deuteronomy 8:3) Bread
76%
Who wrestled with an angel? Jacob
76%
"The fear of the Lord is the beginning of _____." (Proverbs 9:10) Wisdom
66%
"The Lord is my shepherd; I shall not _____." (Psalm 23:1) Want
41%
"For everything there is a season, and a _____ for every matter under heaven." (Ecclesiastes 3:1) Time
31%
No matching quizzes found
Score Distribution
Percent of People with Each Score
Percentile by Number Answered
Your Score History
You have not taken this quiz